01563nam a22003857a 4500003000500000005001700005008004100022010000900063011001000072035000900082040000900091090001000100100003500110245019300145260004000338300002100378502009600399590003700495590004100532590004100573590004100614590004100655590004100696590004200737650003300779650003500812650003400847700004100881710005500922901000700977942001000984949004100994999001501035952012701050CHAP20220817041240.0971013s1994 r 00010 d a9570 a10542 a9779 cCHAP aTesis00aCruz Pérez, Héctor.929539 aEstudio de factibilidad técnico económica para el establecimiento de una planta extractora de un concentrado comercial de pectina a partir de tejocote (Crataegus spp.) en Morelia Mich. aChapingo, Méx. :bEl autor,c1994 a120 h.b: tablas aTesis (Ing. Agr. Esp. en Agroindustrias) -- UACH. Departamento de Ingenieria Agroindustrial aALEPHb10c20130110lUCH01h1225 aBATCH-UPDb10c20130110lUCH01h0214 aBATCH-UPDb10c20130110lUCH01h1932 aBATCH-UPDb10c20130409lUCH01h2231 aBATCH-UPDb10c20130410lUCH01h1256 aBATCH-UPDb10c20130914lUCH01h1106 aCONVERSIONb10c20130109lUCH01h130614aTejocotexIndustria.911205314aTejocotexMichoacán.911205714aTejocotexPectina en.91120610 aJaime Ledezma, José Javier.9609200 aUACH. Departamento de Ingeniería Agroindustrial. aBK cTESIS bBCcTESd-20863eTS1h26744i9779si c9570d9570 00102local4051708TESISaBCbBCcPA_TESISd2019-12-31fTESISl0oTesisp-20863r2019-12-31 00:00:00w2019-12-31yTESIS